[Event "Catalunya-chT Gp1"]
[Site "Barcelona"]
[Date "2022.02.12"]
[Round "4.2"]
[White "Porras Mateo, Felipe"]
[Black "Barbero Sendic, Alejandro"]
[Result "1/2-1/2"]
[WhiteElo "2320"]
[BlackElo "2320"]
[PlyCount "47"]
[EventDate "2022.01.22"]
[EventType "team-tourn"]
[EventRounds "9"]
[EventCountry "ESP"]
[SourceTitle "CBM 208 Extra"]
[Source "ChessBase"]
[SourceDate "2022.07.31"]
[SourceVersion "1"]
[SourceVersionDate "2022.07.31"]
[SourceQuality "1"]
[WhiteTeam "Geva CEA"]
[BlackTeam "Sant Andreu"]
[WhiteTeamCountry "ESP"]
[BlackTeamCountry "ESP"]

1. Nf3 d5 2. c4 e6 3. d4 a6 4. cxd5 exd5 5. Nc3 h6 6. Bf4 Nf6 7. e3 Bd6 8. Bxd6 Qxd6 9. Bd3 0-0 10. h3 Nc6 11. 0-0 Ne7 12. Qc2 g6 13. Rab1 Bf5 14. b4 c6 15. a4 b5 16. Rfc1 Kg7 17. Ne5 Nd7 18. Bxf5 Nxf5 19. Nf3 Rfe8 20. e4 dxe4 21. Nxe4 Qd5 22. Nc3 Qd6 23. Ne4 Qd5 24. Nc3 1/2-1/2

[Event "EU Small Countries ol 7th"]
[Site "Sliema"]
[Date "2021.12.01"]
[Round "6.3"]
[White "Berend, Fred"]
[Black "Porras Mateo, Felipe"]
[Result "1-0"]
[WhiteElo "2325"]
[BlackElo "2326"]
[PlyCount "79"]
[EventDate "2021.11.28"]
[EventType "team-tourn"]
[EventRounds "9"]
[EventCountry "MLT"]
[SourceTitle "CBM 205 Extra"]
[Source "ChessBase"]
[SourceDate "2022.01.31"]
[SourceVersion "1"]
[SourceVersionDate "2022.01.31"]
[SourceQuality "1"]
[WhiteTeam "Luxembourg"]
[BlackTeam "Andorra"]
[WhiteTeamCountry "LUX"]
[BlackTeamCountry "AND"]

1. d4 Nf6 2. c4 e6 3. g3 Bb4+ 4. Bd2 Qe7 5. Bg2 0-0 6. Nc3 d6 7. e3 Bxc3 8. Bxc3 Nbd7 9. Ne2 e5 10. 0-0 Re8 11. Qc2 Rb8 12. b4 Nb6 13. Qb3 Bg4 14. Rfe1 Qe6 15. f3 Bh3 16. d5 Qc8 17. e4 Bxg2 18. Kxg2 c6 19. Rab1 cxd5 20. cxd5 Qc4 21. Bd2 Qxb3 22. axb3 Rec8 23. Nc3 a6 24. Kf2 Kf8 25. Ra1 Nfd7 26. Rec1 Ke7 27. Ke2 Rc7 28. Nd1 Rxc1 29. Bxc1 Rc8 30. Kd3 a5 31. Bg5+ f6 32. Bd2 axb4 33. Bxb4 Ra8 34. Rxa8 Nxa8 35. Ne3 g6 36. Nc4 Nc5+ 37. Bxc5 dxc5 38. Na5 b6 39. Nc6+ Kd6 40. Na7 1-0

[Event "Catalunya-chT GpA final"]
[Site "Barcelona"]
[Date "2018.04.14"]
[Round "4.3"]
[White "Porras Mateo, Felipe"]
[Black "Aroshidze, Levan"]
[Result "1/2-1/2"]
[WhiteElo "2349"]
[BlackElo "2503"]
[PlyCount "33"]
[EventDate "2018.03.10"]
[EventType "team-tourn"]
[EventRounds "4"]
[EventCountry "ESP"]
[SourceTitle "EXT 2019"]
[Source "ChessBase"]
[SourceDate "2018.10.10"]
[SourceVersion "1"]
[SourceVersionDate "2018.10.10"]
[SourceQuality "1"]
[WhiteTeam "Sant Josep de Badalona"]
[BlackTeam "Barcelona Escola Escacs"]
[WhiteTeamCountry "ESP"]
[BlackTeamCountry "ESP"]

1. d4 Nf6 2. c4 e6 3. Nf3 b6 4. g3 Bb7 5. Bg2 Be7 6. 0-0 0-0 7. Nc3 Ne4 8. Bd2 Nxd2 9. Nxd2 c6 10. e3 d5 11. Re1 Na6 12. a3 Nc7 13. Rc1 Rb8 14. Qc2 Qd7 15. Qa4 Rfd8 16. cxd5 cxd5 17. Qxd7 1/2-1/2

[Event "Catalunya-chT Gp2"]
[Site "Barcelona"]
[Date "2018.02.24"]
[Round "6.3"]
[White "Porras Mateo, Felipe"]
[Black "Dominguez Pons, Eric"]
[Result "1-0"]
[WhiteElo "2349"]
[BlackElo "2387"]
[PlyCount "79"]
[EventDate "2018.01.20"]
[EventType "team-tourn"]
[EventRounds "7"]
[EventCountry "ESP"]
[SourceTitle "EXT 2019"]
[Source "ChessBase"]
[SourceDate "2018.10.10"]
[SourceVersion "1"]
[SourceVersionDate "2018.10.10"]
[SourceQuality "1"]
[WhiteTeam "Sant Josep de Badalona"]
[BlackTeam "Sant Andreu"]
[WhiteTeamCountry "ESP"]
[BlackTeamCountry "ESP"]

1. d4 d5 2. c4 Nc6 3. cxd5 Qxd5 4. e3 e5 5. Nc3 Bb4 6. Bd2 Bxc3 7. Bxc3 exd4 8. Ne2 Nf6 9. Nxd4 0-0 10. Nb5 Qg5 11. h4 Qh6 12. Nxc7 Bg4 13. Qa4 Rac8 14. Nd5 Nxd5 15. Qxg4 Nxc3 16. bxc3 Na5 17. Qb4 b6 18. Ba6 Rc5 19. 0-0 Re8 20. Rac1 Qe6 21. a4 g6 22. Rfd1 Nc4 23. Rc2 Kg7 24. Rcc1 Re7 25. Rd8 Rec7 26. Rcd1 Qe7 27. Ra8 Re5 28. Bxc4 Qxb4 29. cxb4 Rxc4 30. Rxa7 Rxh4 31. Rdd7 Rf5 32. f4 Rf6 33. a5 bxa5 34. bxa5 Rh5 35. g3 Rb5 36. e4 Kg8 37. e5 Rf5 38. a6 g5 39. Ra8+ Kg7 40. a7 1-0

[Event "Roncana op 11th"]
[Site "Santa Eulalia de Roncana"]
[Date "2017.11.18"]
[Round "8"]
[White "Porras Mateo, Felipe"]
[Black "Valenzuela Gomez, Fernando Alberto"]
[Result "1-0"]
[WhiteElo "2331"]
[BlackElo "2400"]
[PlyCount "69"]
[EventDate "2017.09.23"]
[EventType "swiss"]
[EventRounds "8"]
[EventCountry "ESP"]
[SourceTitle "EXT 2022"]
[Source "ChessBase"]
[SourceDate "2021.10.06"]
[SourceVersion "1"]
[SourceVersionDate "2021.10.06"]
[SourceQuality "1"]

1. c4 e5 2. Nc3 Nc6 3. g3 g6 4. Bg2 Bg7 5. e3 h5 6. h4 d6 7. d3 Nge7 8. Nf3 0-0 9. 0-0 Bg4 10. Qb3 Rb8 11. Bd2 a6 12. a4 Qd7 13. Rac1 Qf5 14. Ne1 Bh3 15. Nd5 Bxg2 16. Kxg2 Qd7 17. Nf3 Nxd5 18. cxd5 Ne7 19. Rc2 c5 20. dxc6 bxc6 21. Qc4 c5 22. Qxa6 Nc6 23. Qc4 Nb4 24. Bxb4 Rxb4 25. Qd5 Qxa4 26. Rc4 Qa2 27. Rxc5 Qxb2 28. Rc6 Rb5 29. Qxd6 Rbb8 30. Rc7 Rbd8 31. Rd7 Rc8 32. Ng5 Qb5 33. Ra1 Rc2 34. Raa7 Qb2 35. Ne4 1-0

[Event "Barcelona Primavera La Lira op 10th"]
[Site "Barcelona"]
[Date "2017.05.18"]
[Round "5"]
[White "Minguez Rodriguez, Raul"]
[Black "Porras Mateo, Felipe"]
[Result "1/2-1/2"]
[WhiteElo "2199"]
[BlackElo "2301"]
[PlyCount "35"]
[EventDate "2017.04.20"]
[EventType "swiss"]
[EventRounds "9"]
[EventCountry "ESP"]
[SourceTitle "EXT 2018"]
[Source "ChessBase"]
[SourceDate "2017.10.13"]
[SourceVersion "1"]
[SourceVersionDate "2017.10.13"]
[SourceQuality "1"]

1. e4 d5 2. exd5 Qxd5 3. Nc3 Qd6 4. d4 Nf6 5. Nf3 Bf5 6. Ne5 c6 7. Bc4 Be6 8. Bxe6 Qxe6 9. 0-0 Nbd7 10. Re1 Nxe5 11. dxe5 Rd8 12. Qe2 Nd7 13. f4 f6 14. Ne4 fxe5 15. Ng5 Qg6 16. fxe5 e6 17. Qg4 Nc5 18. h4 1/2-1/2

[Event "Barcelona La Lira op 35th"]
[Site "Barcelona"]
[Date "2017.01.20"]
[Round "1"]
[White "Serentill Tost, Eduard"]
[Black "Porras Mateo, Felipe"]
[Result "0-1"]
[WhiteElo "1700"]
[BlackElo "2298"]
[PlyCount "44"]
[EventDate "2017.01.20"]
[EventType "swiss"]
[EventRounds "8"]
[EventCountry "ESP"]
[SourceTitle "EXT 2018"]
[Source "ChessBase"]
[SourceDate "2017.10.13"]
[SourceVersion "1"]
[SourceVersionDate "2017.10.13"]
[SourceQuality "1"]

1. e4 e5 2. Nf3 Nc6 3. Bb5 g6 4. 0-0 Bg7 5. c3 Nge7 6. d4 exd4 7. cxd4 0-0 8. Be3 d5 9. e5 f6 10. Qd2 fxe5 11. Bh6 Bxh6 12. Qxh6 Nf5 13. Qd2 Ncxd4 14. Nxd4 Nxd4 15. Nc3 c6 16. Ba4 Bf5 17. Ne2 Nxe2+ 18. Qxe2 Qh4 19. Bc2 Bxc2 20. Qxc2 Qb4 21. a3 Qb6 22. Rfe1 e4 0-1

[Event "Catalunya-chT Gp1"]
[Site "Barcelona"]
[Date "2016.02.27"]
[Round "6.1"]
[White "Rodriguez Sorribes, Jordi A"]
[Black "Porras Mateo, Felipe"]
[Result "0-1"]
[WhiteElo "2153"]
[BlackElo "2248"]
[PlyCount "56"]
[EventDate "2016.01.23"]
[EventType "team-tourn"]
[EventRounds "7"]
[EventCountry "ESP"]
[SourceTitle "EXT 2017"]
[Source "ChessBase"]
[SourceDate "2016.10.25"]
[SourceVersion "1"]
[SourceVersionDate "2016.10.25"]
[SourceQuality "1"]
[WhiteTeam "Catalunya"]
[BlackTeam "Sant Josep de Badalona"]
[WhiteTeamCountry "ESP"]
[BlackTeamCountry "ESP"]

1. e4 e5 2. d4 exd4 3. c3 d5 4. exd5 Qxd5 5. cxd4 Nc6 6. Nc3 Qxd4 7. Qe2+ Be6 8. Be3 Qb4 9. 0-0-0 Nf6 10. Nb5 Rc8 11. a3 Qa4 12. f4 Be7 13. Nf3 0-0 14. h3 Bb3 15. Re1 Ne4 16. Nfd4 Ng3 17. Qg4 Nxh1 18. Nc3 h5 19. Qxh5 Qa5 20. Nf5 Bf6 21. Bd3 g6 22. Nh6+ Kg7 23. Nf5+ Qxf5 24. Bxf5 gxh5 25. Bxc8 Rxc8 26. Rxh1 Re8 27. Re1 h4 28. f5 Re5 0-1

[Event "Barcelona La Lira op 34th"]
[Site "Barcelona"]
[Date "2016.01.29"]
[Round "3"]
[White "Vargas Drechsler, Carlos"]
[Black "Porras Mateo, Felipe"]
[Result "0-1"]
[WhiteElo "1864"]
[BlackElo "2248"]
[PlyCount "78"]
[EventDate "2016.01.15"]
[EventType "swiss"]
[EventRounds "8"]
[EventCountry "ESP"]
[SourceTitle "EXT 2017"]
[Source "ChessBase"]
[SourceDate "2016.10.25"]
[SourceVersion "1"]
[SourceVersionDate "2016.10.25"]
[SourceQuality "1"]

1. d4 Nf6 2. Nf3 g6 3. c4 Bg7 4. Nc3 0-0 5. Bg5 d6 6. e3 Nbd7 7. Be2 e5 8. h3 c6 9. 0-0 Re8 10. Qd2 Qa5 11. Rab1 Nf8 12. b4 Qc7 13. a4 Bf5 14. Rbc1 e4 15. Ne1 h6 16. Bf4 g5 17. Bh2 Qe7 18. a5 a6 19. Na4 Ng6 20. Nb6 Rad8 21. c5 d5 22. Bd6 Rxd6 23. cxd6 Qxd6 24. Na4 g4 25. hxg4 Nxg4 26. Bxg4 Bxg4 27. Nc5 Nh4 28. Nxb7 Qg6 29. Qc3 Re6 30. Nd8 Nxg2 31. Nxe6 Bxe6 32. Qxc6 Nxe3+ 33. Kh1 Qh5+ 34. Kg1 Qg4+ 35. Kh1 Qh3+ 36. Kg1 Qxf1+ 37. Kh2 Qxf2+ 38. Kh1 Qf1+ 39. Kh2 Ng4+ 0-1